| 000 | 00706cam a2200217 a 4500 | ||
|---|---|---|---|
| 020 | _a193415427X (pbk.) | ||
| 020 | _a9781934154274 (pbk.) | ||
| 082 | 0 | 0 |
_a625.85 _bASP |
| 100 |
_aInstitute, asphalt _946784 |
||
| 245 | 0 | 4 |
_aThe Asphalt handbook. _bAsphalt institute |
| 250 | _a7th ed. | ||
| 260 |
_aLexington, Ky. : _bAsphalt Institute, _c2007. |
||
| 300 |
_axxxi, 788 p. : _bill., map ; _c23 cm. |
||
| 490 | 0 | _aAsphalt Institute manual series ; | |
| 526 |
_a0 _b0 _c0 _d625_850000000000000_ASP |
||
| 650 | 0 |
_aAsphalt _xHandbooks, manuals, etc. _941101 |
|
| 650 | 0 |
_aMCE _9379 |
|
| 650 | 0 |
_aPavements, Asphalt _xHandbooks, manuals, etc. _941102 |
|
| 710 | 2 |
_aAsphalt Institute. _913616 |
|
| 942 |
_2ddc _cBK |
||
| 999 |
_c550016 _d550016 |
||